Sistema de promoción de la Universidad Nacional de Ingeniería

Presenta un sistema multimedia para la promoción y difusión, a través del desarrollo de un sistema amigable, portable y fácil manejo que cuenta con la información completa y adecuada, para difundir las oportunidades de estudio y profesionalización de la UNI en un amplio espectro de interés....

Full description

Bibliographic Details
Main Author: Pereira Tercero, Wendollim
Other Authors: Tutor: Quintana Bonilla, Marisela
Format: Tesis Section = Libro
Language:Undetermined
Spanish
Published: Managua UNI 1997
Subjects:
LEADER 00975nam a2200229Ia 4500
008 240830s9999 xx 000 0 und d
040 |a BIBLIOTECA-RUSB/ Mon 620.7 P436 
041 |a spa 
082 |a Mon 620.7 P436 
100 1 |a Pereira Tercero, Wendollim 
245 1 0 |a Sistema de promoción de la Universidad Nacional de Ingeniería 
260 |a Managua  |b UNI  |c 1997 
300 |a 67 p. :il. 
502 |a Tesis (Ingeniero en Computación) - UNI, 1997. 
520 3 |a Presenta un sistema multimedia para la promoción y difusión, a través del desarrollo de un sistema amigable, portable y fácil manejo que cuenta con la información completa y adecuada, para difundir las oportunidades de estudio y profesionalización de la UNI en un amplio espectro de interés. 
650 7 |a INGENIERIA DE SISTEMAS 
650 7 |b  DISENO DE SISTEMAS 
650 7 |c  COMUNICACION 
700 1 |a Tutor:  |b Quintana Bonilla, Marisela 
942 |c BK  |2 ddc 
991 |a TESIS 
999 |c 20036